Blednyĭ ogonʹ /

Bibliographic Details
Main Author: Nabokov, Vladimir Vladimirovich, 1899-1977
Other Authors: Nabokova, Vera
Format: Book
Language:Russian
English
Published: Ann Arbor, Mich. : Ardis, [1983]

MARC

Tag First Indicator Second Indicator Subfields
LEADER 00000cam a2200000 a 4500
001 in00000030984
005 20151007054923.0
008 821214s1983 miu 00111 ruso
010 |a  82024351  
020 |a 0882336029 :  |c $23.00 
020 |a 0882336037 (pbk.) :  |c $15.00 
035 |a (OCoLC)09111917 
035 |9 AAB6656AM 
040 |a DLC  |c DLC  |d OCL  |d KUK  |d m/c  |d TXA  |d UtOrBLW 
041 1 |a rus  |a eng 
049 |a TXAM  |c [A11060769] 
050 0 0 |a PS3527.A15  |b P317 1983 
082 0 |a 813/.54  |2 19 
100 1 |a Nabokov, Vladimir Vladimirovich,  |d 1899-1977. 
240 1 0 |a Pale fire.  |l Russian 
245 1 0 |a Blednyĭ ogonʹ /  |c Vladimir Nabokov ; perevod Very Nabokovoĭ. 
264 1 |a Ann Arbor, Mich. :  |b Ardis,  |c [1983] 
264 4 |c ©1983 
300 |a 301 pages ;  |c 23 cm. 
336 |a text  |b txt  |2 rdacontent 
337 |a unmediated  |b n  |2 rdamedia 
338 |a volume  |b nc  |2 rdacarrier 
500 |a Translation of: Pale fire. 
500 |a Includes index. 
700 1 |a Nabokova, Vera. 
999 |a MARS 
999 f f |s 0e0db4d5-213d-3999-a5d8-6a89e893c5c4  |i 98661143-dcc2-38da-8a81-ee19f7baa073  |t 0 
952 f f |p ric  |a Texas A&M University  |b Rellis Campus  |c Joint Library Facility  |d Remote Storage  |t 0  |e PS3527.A15 P317 1983  |h Library of Congress classification  |i unmediated -- volume  |m A14811060769 
998 f f |a PS3527.A15 P317 1983  |t 0  |l Remote Storage